000 00295nam a2200109 4500
999 _c9964
_d9964
008 180724b ||||| |||| 00| 0 eng d
245 _aAsean tourism forum 2016 opens today.
260 _aPhilippines
_bManila Bulletin
_cc2016
300 _apage B-2.
650 0 _929425
_aTourism.
942 _2ddc
_cPER